000 00399nam a22001697a 4500
005 20250807123135.0
020 _a81-85825-07-6
041 _aENG
100 _aWartikar.P.N
245 _aA Text Book of Applied Mathematics -Vol 2
250 _a5th
260 _aPune
_bPune Vidyarthi Griha Prakashan
_c1999
300 _a716
650 _aMthematics
700 _aWartikar.J.N
856 _uMthematics
999 _c299
_d299